000 003060000a22001210004500
041 0 _aSPA
082 0 4 _aAV 0107
245 1 0 _aMatices en las relaciones entre las Iglesias Evangélicas y la Iglesia Católica / Consulta de Misión CLAI
300 _a2 Pag
500 _aFolleto
001 13505
942 _cBK
999 _c42465
_d42465